[Event "AUTO-OPEN-4389"]
[Site "http://www.queenalice.com/game.php?id=1795704"]
[Date "2022.9.7"]
[Round "1"]
[White "Ticovi"]
[Black "mvson33"]
[Result "0-1"]
[WhiteElo "1581"]
[BlackElo "1923"]

1. e4 e5 2. Nf3 Nc6 3. Bb5 d6 4. Bxc6+ bxc6 5. d3 Bb7 6. Nc3 Nf6 7. h3 Be7 8.
O-O O-O 9. a3 Ba6 10. b4 Rb8 0-1

[Event "Let's Play Chess!"]
[Site "http://www.queenalice.com/game.php?id=1795769"]
[Date "2022.9.8"]
[Round "-"]
[White "Charles56"]
[Black "Ticovi"]
[Result "1-0"]
[WhiteElo "1659"]
[BlackElo "1629"]

1. Nc3 e5 2. e4 Nf6 3. h3 Bb4 4. d3 Nc6 5. Bd2 d6 6. a3 Ba5 7. Nf3 Bd7 8. Bg5 h6
9. Bh4 Nd4 10. Be2 Bxc3+ 11. bxc3 Nxf3+ 12. Bxf3 g5 13. Bg3 Qe7 14. Qd2 O-O-O
15. d4 Ba4 16. d5 Kb8 17. O-O Qd7 18. c4 c6 19. dxc6 Qxc6 20. Rab1 Qxc4 21. c3
Nxe4 22. Bxe4 Qxe4 23. f3 Qc6 24. Bf2 b6 25. Rb4 a5 26. Rxb6+ Kc7 27. Rxc6+ Bxc6
28. Rb1 a4 29. c4 f6 30. Qa5+ Kd7 31. Qa7+ Ke8 32. Qg7 Rf8 33. Rb6 Rf7 34. Qh8+
Kd7 35. Qxh6 Kc7 36. Qg6 Rdd7 37. Qg8 Bb7 38. Rb4 Rg7 39. Qe6 Rgf7 40. Bb6+ Kb8
41. Qe8+ Bc8 42. Ba5+ Rb7 43. Qxa4 Rxb4 44. Qxb4+ Rb7 45. Qxd6+ Ka8 46. Qxf6 Rc7
47. Bxc7 1-0

[Event "Let's Play Chess!"]
[Site "http://www.queenalice.com/game.php?id=1795770"]
[Date "2022.9.8"]
[Round "-"]
[White "Ticovi"]
[Black "Charles56"]
[Result "0-1"]
[WhiteElo "1647"]
[BlackElo "1602"]

1. f4 Nf6 2. e3 a6 3. Nc3 Nc6 4. Bc4 d5 5. Bb3 Bf5 6. d3 Qd7 7. Bd2 e5 8. fxe5
Nxe5 9. d4 Nc6 10. a3 Be7 11. Qe2 Bg4 12. Nf3 O-O-O 13. h3 Bh5 14. O-O-O h6 15.
g4 Bg6 16. Ne5 Nxe5 17. dxe5 Ne4 18. Nxe4 Bxe4 19. Rhf1 f6 20. exf6 Bxf6 21. c3
b5 22. a4 Kb7 23. axb5 axb5 24. Bc2 Bxc2 25. Kxc2 c5 26. b4 c4 27. Ra1 Ra8 28.
Ra5 Rxa5 29. bxa5 Ka6 30. Ra1 Re8 31. Qf2 Qe6 32. Kd1 Qe4 33. Qg1 Bg5 34. Ke2
Qd3+ 35. Kf3 Bxe3 36. Bxe3 Qxc3 37. Kf4 g5+ 38. Kf3 d4 39. Kg2 Rxe3 40. Kh2 Re2+
41. Kh1 Qxh3+ 0-1

[Event "AUTO-INT-3769"]
[Site "http://www.queenalice.com/game.php?id=1795793"]
[Date "2022.9.8"]
[Round "1"]
[White "Givanildo"]
[Black "Ticovi"]
[Result "1-0"]
[WhiteElo "1556"]
[BlackElo "1408"]

1. d4 d5 2. Bf4 Nc6 3. e3 Nf6 4. h3 Bf5 5. Bb5 Bd7 6. Ne2 e6 7. O-O a6 8. Ba4 b5
9. Bb3 a5 10. c3 Be7 11. Nd2 O-O 12. Ng3 a4 13. Bc2 Na5 14. Nh5 g6 15. Nxf6+
Bxf6 16. b4 axb3 17. axb3 1-0

[Event "AUTO-INT-3769"]
[Site "http://www.queenalice.com/game.php?id=1795794"]
[Date "2022.9.8"]
[Round "1"]
[White "Ticovi"]
[Black "Givanildo"]
[Result "0-1"]
[WhiteElo "1419"]
[BlackElo "1545"]

1. e4 d5 2. e5 Bf5 3. d4 e6 4. Nf3 h6 5. Bd3 Be4 6. Qe2 Bb4+ 7. Bd2 Bxd2+ 8.
Nbxd2 Ne7 9. Bxe4 dxe4 10. Qxe4 c6 11. O-O Nd7 12. Nc4 O-O 13. Nd6 Ng6 14. Nxb7
Qb6 15. Nd6 f5 16. exf6 Rxf6 0-1

[Event "AUTO-ADV-4641"]
[Site "http://www.queenalice.com/game.php?id=1795972"]
[Date "2022.9.12"]
[Round "1"]
[White "Canaye"]
[Black "Ticovi"]
[Result "1-0"]
[WhiteElo "1951"]
[BlackElo "1501"]

1. d4 d5 2. c4 e6 3. Nc3 Nc6 4. cxd5 exd5 5. Nf3 Nf6 6. Bg5 Be6 7. e3 Bb4 8. Qc2
h6 9. Bxf6 Qxf6 10. Be2 O-O-O 11. O-O a6 12. a3 1-0

[Event "AUTO-ADV-4641"]
[Site "http://www.queenalice.com/game.php?id=1795973"]
[Date "2022.9.12"]
[Round "1"]
[White "Ticovi"]
[Black "Canaye"]
[Result "0-1"]
[WhiteElo "1499"]
[BlackElo "1953"]

1. e4 e6 2. d4 d5 3. e5 c5 4. c3 Nc6 5. Nf3 cxd4 6. cxd4 Qb6 7. b3 Bb4+ 8. Bd2
Nxd4 9. Bxb4 Qxb4+ 10. Nbd2 Ne7 11. Bd3 Nec6 0-1

[Event "AUTO-OPEN-4390"]
[Site "http://www.queenalice.com/game.php?id=1796060"]
[Date "2022.9.12"]
[Round "1"]
[White "MePa"]
[Black "Ticovi"]
[Result "1-0"]
[WhiteElo "1726"]
[BlackElo "1545"]

1. e4 e5 2. Nf3 Nc6 3. Bc4 Nf6 4. d4 exd4 5. O-O d6 6. Ng5 Ne5 7. Qxd4 h6 8. Nh3
Bxh3 9. gxh3 Nxc4 10. Qxc4 d5 11. exd5 Nxd5 12. Bf4 1-0

[Event "AUTO-OPEN-4390"]
[Site "http://www.queenalice.com/game.php?id=1796061"]
[Date "2022.9.12"]
[Round "1"]
[White "Ticovi"]
[Black "MePa"]
[Result "0-1"]
[WhiteElo "1536"]
[BlackElo "1735"]

1. e4 e5 2. Nf3 Nc6 3. Bb5 a6 4. Bxc6 dxc6 5. Nxe5 Qd4 6. Nf3 Qxe4+ 7. Qe2 Qxe2+
8. Kxe2 Bg4 9. Re1 Be7 10. h3 Bh5 11. d4 Nf6 12. Kf1 Nd5 0-1